[Event "Poio op 3rd"]
[Site "Poio"]
[Date "2003.09.03"]
[Round "4.5"]
[White "Rivera Kuzawka, Daniel"]
[Black "Bodelon Rodriguez, Tomas"]
[Result "1/2-1/2"]
[WhiteElo "2326"]
[BlackElo "2224"]
[PlyCount "47"]
[EventDate "2003.08.31"]
[EventType "swiss"]
[EventRounds "9"]
[EventCountry "ESP"]
[SourceTitle "EXT 2004"]
[Source "ChessBase"]
[SourceDate "2003.11.25"]
[SourceVersion "1"]
[SourceVersionDate "2003.11.25"]
[SourceQuality "1"]

1. e4 c6 2. d4 d5 3. Nd2 dxe4 4. Nxe4 Bf5 5. Ng3 Bg6 6. h4 h6 7. Nf3 Nd7 8. h5 Bh7 9. Bd3 Bxd3 10. Qxd3 Ngf6 11. Bd2 e6 12. 0-0-0 Be7 13. Ne4 Nxe4 14. Qxe4 Nf6 15. Qe2 Qd5 16. c4 Qe4 17. Qxe4 Nxe4 18. Be3 0-0 19. Kc2 Rfd8 20. Ne5 Bd6 21. Nd3 Nf6 22. f3 b5 23. b3 a5 24. a4 1/2-1/2

[Event "Galicia-ch Absoluto"]
[Site "Mondariz"]
[Date "2003.04.19"]
[Round "8.1"]
[White "Garcia Castro, Pablo"]
[Black "Rivera Kuzawka, Daniel"]
[Result "1-0"]
[WhiteElo "2375"]
[BlackElo "2330"]
[PlyCount "77"]
[EventDate "2003.04.12"]
[EventType "swiss"]
[EventRounds "9"]
[EventCountry "ESP"]
[SourceTitle "EXT 2004"]
[Source "ChessBase"]
[SourceDate "2003.11.25"]
[SourceVersion "1"]
[SourceVersionDate "2003.11.25"]
[SourceQuality "1"]

1. e4 c5 2. Nc3 Nc6 3. g3 g6 4. Bg2 Bg7 5. d3 d6 6. f4 Nf6 7. h3 0-0 8. g4 Nd7 9. Nf3 Nd4 10. 0-0 Rb8 11. a4 a6 12. Nd5 e6 13. Ne3 b5 14. axb5 axb5 15. g5 f6 16. Nh2 b4 17. Nc4 Nb6 18. gxf6 Bxf6 19. Nxd6 Qxd6 20. e5 Qe7 21. exf6 Qxf6 22. Ng4 Qh4 23. c3 Nf5 24. Ra7 bxc3 25. bxc3 Nd5 26. Qe2 h5 27. Nh2 Qf6 28. Bxd5 exd5 29. Qe5 Qxe5 30. fxe5 Rb7 31. Ra5 Ng3 32. Rxf8+ Kxf8 33. Kf2 Nf5 34. Rxc5 Be6 35. Nf3 Rb1 36. Ba3 Rb3 37. Bb4 Rb2+ 38. Ke1 Bf7 39. Ng5 1-0

[Event "Galicia-ch Absoluto"]
[Site "Mondariz"]
[Date "2003.04.17"]
[Round "6.1"]
[White "Rivera Kuzawka, Daniel"]
[Black "Salgado Lopez, Ivan"]
[Result "1-0"]
[WhiteElo "2330"]
[BlackElo "2174"]
[PlyCount "79"]
[EventDate "2003.04.12"]
[EventType "swiss"]
[EventRounds "9"]
[EventCountry "ESP"]
[SourceTitle "EXT 2004"]
[Source "ChessBase"]
[SourceDate "2003.11.25"]
[SourceVersion "1"]
[SourceVersionDate "2003.11.25"]
[SourceQuality "1"]

1. e4 e5 2. Nf3 Nc6 3. Bb5 a6 4. Ba4 Nf6 5. 0-0 b5 6. Bb3 Bb7 7. d3 Be7 8. a4 d6 9. Nc3 b4 10. Ne2 Na5 11. Ba2 b3 12. cxb3 c5 13. b4 cxb4 14. Bd2 Qb6 15. Be3 Qd8 16. Ng3 0-0 17. Nf5 Bc8 18. Nxe7+ Qxe7 19. Bb6 Nb7 20. Rc1 Nc5 21. Nxe5 Qxe5 22. d4 Qxe4 23. dxc5 dxc5 24. Bxc5 Re8 25. Re1 Qxe1+ 26. Qxe1 Rxe1+ 27. Rxe1 Bd7 28. a5 Rb8 29. f3 Rb5 30. Bb6 b3 31. Bb1 Rd5 32. Bc7 Bb5 33. Be5 Bd3 34. Bxf6 gxf6 35. Rd1 Bc4 36. Rxd5 Bxd5 37. Bd3 Bb7 38. Kf2 h6 39. Ke3 Kf8 40. Kd4 1-0

[Event "Galicia-ch Absoluto"]
[Site "Mondariz"]
[Date "2003.04.16"]
[Round "5.1"]
[White "Sanchez Aller, Fernando"]
[Black "Rivera Kuzawka, Daniel"]
[Result "1/2-1/2"]
[WhiteElo "2262"]
[BlackElo "2330"]
[PlyCount "46"]
[EventDate "2003.04.12"]
[EventType "swiss"]
[EventRounds "9"]
[EventCountry "ESP"]
[SourceTitle "EXT 2004"]
[Source "ChessBase"]
[SourceDate "2003.11.25"]
[SourceVersion "1"]
[SourceVersionDate "2003.11.25"]
[SourceQuality "1"]

1. e4 c5 2. Nf3 Nc6 3. d4 cxd4 4. Nxd4 Nf6 5. Nc3 d6 6. Bc4 e6 7. Bb3 Be7 8. Be3 a6 9. Qe2 Qc7 10. 0-0-0 0-0 11. Rhg1 Nd7 12. g4 Nc5 13. Nf5 b5 14. Bd5 Bb7 15. g5 Rfc8 16. Rg3 Bf8 17. Qh5 g6 18. Nh6+ Kh8 19. Qh4 b4 20. Ng4 bxc3 21. Qxh7+ Kxh7 22. Nf6+ Kg7 23. Rh3 Be7 1/2-1/2